000 00611cam a2200229 4500
001 M88641
008 090401t1997 xxu||||| |||| 00| 0 eng d
035 _a(Sirsi) u83035
041 _aeng
050 _a333.33025
110 _aRoyal Institution of Chartered Surveyors
_94900
245 _aGeographical directory 1998.
260 _aLondon
_bMacMillan
_c1997
300 _a114,659,64p. ; 25cm.
350 _a63
650 _aABOUT RICS-RICS MEMBERS
650 _aDIRECTORIES
650 _aRICS
690 _aMANAGEMENT-BUSINESS MANAGEMENT-PROFESSIONAL PRACTICE
942 _n0
948 _c09/01/1998
999 _c96854
_d96854